00373nam a2200169Ia 4500003000900000008004100009040001300050040001300063041000800076100001800084245005300102250001000155260001300165260000900178300001000187490000600197IT-RoPAU120407s9999 xx 000 0 und d aIT-RoPAU cIT-RoPAU aita aAlbert Clamer aLa sainte Bible. (direz. Pirot). T. 1, 2, e 4. aParis aLetouzey c1946 c22 cm v1